weed management principles and practices (Record no. 480334)

000 -LEADER
fixed length control field 00503nam a22001937a 4500
003 - CONTROL NUMBER IDENTIFIER
control field ASAB
005 - DATE AND TIME OF LATEST TRANSACTION
control field 20180827062715.0
008 - FIXED-LENGTH DATA ELEMENTS--GENERAL INFORMATION
fixed length control field 161128t xxu||||| |||| 00| 0 eng d
020 ## - INTERNATIONAL STANDARD BOOK NUMBER
International Standard Book Number 81-7754-199-4
040 ## - CATALOGING SOURCE
Transcribing agency ASAB
082 ## - DEWEY DECIMAL CLASSIFICATION NUMBER
Classification number 632.58
100 ## - MAIN ENTRY--PERSONAL NAME
Personal name O.P. Gupta
9 (RLIN) 2336
245 ## - TITLE STATEMENT
Title weed management principles and practices
Statement of responsibility, etc. O.P. Gupta
250 ## - EDITION STATEMENT
Edition statement second edition
260 ## - PUBLICATION, DISTRIBUTION, ETC.
Place of publication, distribution, etc. India.
Name of publisher, distributor, etc. Agrobios (India)
Date of publication, distribution, etc. 2003
300 ## - PHYSICAL DESCRIPTION
Extent 293 P.
Dimensions 21 cm
630 ## - SUBJECT ADDED ENTRY--UNIFORM TITLE
Uniform title Weed Management
9 (RLIN) 3669
942 ## - ADDED ENTRY ELEMENTS (KOHA)
Source of classification or shelving scheme
Koha item type Book
Holdings
Withdrawn status Lost status Source of classification or shelving scheme Damaged status Not for loan Collection code Permanent Location Current Location Date acquired Total Checkouts Full call number Barcode Date last seen Price effective from Koha item type
            Central Library (CL) Central Library (CL) 11/28/2016   632.58 GUP ASAB2227 04/25/2018 11/28/2016 Book
© 2023 Central Library, National University of Sciences and Technology. All Rights Reserved.